Česká národní banka 1993-2003

Salvato in:
Dettagli Bibliografici
Natura: Libro
Lingua:slovacco
inglese
Pubblicazione: Praha Česká národní banka 2003
Soggetti:
Tags: Aggiungi Tag
Nessun Tag, puoi essere il primo ad aggiungerne!!

MARC

LEADER 00000nam$a2200000$$$4500
001 0018938
005 20240318114219.2
041 0 |a slo 
041 0 |a eng 
245 1 0 |a Česká národní banka 1993-2003 
264 1 |a Praha  |b Česká národní banka  |c 2003 
300 |a [39+39] s. 
610 2 0 |a banky 
610 2 0 |a bankovníctvo 
610 2 0 |a mena 
610 2 0 |a politika menová 
610 2 0 |a liberalizácia 
610 2 0 |a recesia 
610 2 0 |a privatizácia 
610 2 0 |a oživenie 
610 2 0 |a únie menové 
610 2 0 |a ČNB Praha 
610 2 0 |a 1993-2003